000 00430cam a2200181ua 4500
020 _c4.00
041 _ahin
_h
082 _a891.43
_bSUD/PA
100 _aSudharshan, .
245 _aPanghat /
_cSudharshan.
_hTextual Documents
250 _a6 /
_b.
260 _aBombay :
_bVora and co.publishers pvt ltd ,
_c1964.
300 _a242 ; .
365 _a4.00
504 _a
942 _cBK
999 _c12735
_d12735